1008 pokemons avec leurs types - Statistiques

Statistiques générales
  • Ce quiz a été pris 28 fois
    17 depuis la dernière actualisation
  • Le résultat moyen est 147 sur 484
Statistiques - réponses
Gen 1 Réponse % Correct
n°001 Plante-Poison Bulbizarre
100%
n°007 Eau Carapuce
86%
n°006 Feu-Vol Dracaufeu
86%
n°025 Elektrik Pikachu
86%
n°026 Elektrik Raichu
86%
n°004 Feu Salamèche
86%
n°008 Eau Carabaffe
79%
n°002 Plante-Poison Herbizarre
79%
n°005 Feu Reptincel
79%
n°009 Eau Tortank
79%
n°003 Plante-Poison Florizarrre
71%
n°129 Eau Magicarpe
71%
n°018 Normal-Vol Roucarnage
71%
n°016 Normal-Vol Roucool
71%
n°017 Normal-Vol Roucoups
71%
n°010 Insecte Chenipan
64%
n°011 Insecte Chrysacier
64%
n°014 Insecte-Poison Coconfort
64%
n°148 Dragon Draco
64%
n°130 Eau-Vol Léviator
64%
n°012 Insecte-Vol Papilusion
64%
n°172 Elektrik Pichu
64%
n°134 Eau Aquali
57%
n°257 Feu-Combat Braségali
57%
n°015 Insecte-Poison Dardargnan
57%
n°149 Dragon-Vol Dracolosse
57%
n°133 Normal Evoli
57%
n°089 Poison Grotadmorv
57%
n°068 Combat Mackogneur
57%
n°173 Fée Mélo
57%
n°036 Fée Mélodelfe
57%
n°035 Fée Mélofée
57%
n°255 Feu Poussifeu
57%
n°136 Feu Pyroli
57%
n°022 Normal-Vol Rapasdepic
57%
n°039 Normal-Fée Rondoudou
57%
n°143 Normal Ronflex
57%
n°023 Poison Abo
50%
n°160 Eau Aligatueur
50%
n°024 Poison Arbok
50%
n°013 Insecte-Poison Aspicot
50%
n°070 Plante-Poison Boustiflor
50%
n°069 Plante-Poison Chétiflor
50%
n°094 Spectre-Poison Ectoplasma
50%
n°156 Feu Feurisson
50%
n°152 Plante Germignon
50%
n°040 Normal-Fée Grodoudou
50%
n°155 Feu Héricendre
50%
n°123 Insecte-Vol Insécateur
50%
n°158 Eau Kaiminus
50%
n°066 Combat Machoc
50%
n°067 Combat Machopeur
50%
n°153 Plante Macronium
50%
n°253 Plante Massko
50%
n°154 Plante Méganium
50%
n°151 Psy Mew
50%
n°150 Psy Mewtwo
50%
n°052 Normal Miaouss
50%
n°147 Dragon Minidraco
50%
n°197 Ténèbres Noctali
50%
n°042 Poison-Vol Nosferalto
50%
n°041 Poison-Vol Nosferapti
50%
n°095 Roche-Sol Onix
50%
n°021 Normal-Vol Piafabec
50%
n°074 Roche-Sol Racaillou
50%
n°019 Normal Rattata
50%
n°020 Normal Rattatac
50%
n°111 Sol-Roche Rhinocorne
50%
n°127 Insecte Scarabrute
50%
n°109 Poison Smogo
50%
n°088 Poison Tadmorv
50%
n°050 Sol Taupiqueur
50%
n°157 Feu Typhlosion
50%
n°063 Psy Abra
43%
n°065 Psy Alakazam
43%
n°059 Feu Arcanin
43%
n°252 Plante Arcko
43%
n°144 Glace-Vol Artikodin
43%
n°058 Feu Caninos
43%
n°265 Insecte Chenipotte
43%
n°212 Insecte-Acier Cizayox
43%
n°159 Eau Crocrodil
43%
n°145 Elektrik-Vol Electhor
43%
n°239 Elektrik Elekid
43%
n°125 Elektrik Elektek
43%
n°071 Plante-Poison Empiflor
43%
n°092 Spectre-Poison Fantominus
43%
n°038 Feu Feunard
43%
n°256 Feu-Combat Galifeu
43%
n°078 Feu Galopa
43%
n°282 Psy-Fée Gardevoir
43%
n°258 Eau Gobou
43%
n°037 Feu Goupix
43%
n°076 Roche-Sol Grolem
43%
n°254 Plante Jungko
43%
n°064 Psy Kadabra
43%
n°106 Combat Kicklee
43%
n°124 Glace-Psy Lippoutou
43%
n°081 Elektrik-Acier Magnéti
43%
n°082 Elektrik-Acier Magnéton
43%
n°196 Psy Mentali
43%
n°034 Poison-Sol Nidoking
43%
n°031 Poison-Sol Nidoqueen
43%
n°029 Poison Nidoran femelle
43%
n°032 Poison Nidoran mâle
43%
n°030 Poison Nidorina
43%
n°033 Poison Nidorino
43%
n°046 Insecte-Plante Paras
43%
n°047 Insecte-Plante Parasect
43%
n°470 Plante Phyllali
43%
n°395 Eau-Acier Pingoléon
43%
n°077 Feu Ponyta
43%
n°394 Eau Prinplouf
43%
n°112 Sol-Roche Rhinoféros
43%
n°027 Sol Sabelette
43%
n°028 Sol Sablaireau
43%
n°114 Plante Saquedeneu
43%
n°214 Insecte-Combat Scarhino
43%
n°207 Sol-Vol Scorplane
43%
n°110 Poison Smogogo
43%
n°093 Spectre-Poison Spectrum
43%
n°146 Feu-Vol Sulfura
43%
n°128 Normal Tauros
43%
n°072 Eau-Poison Tentacool
43%
n°393 Eau Tiplouf
43%
n°051 Sol Triopikeur
43%
n°135 Elektrik Voltali
43%
n°100 Elektrik Voltorbe
43%
n°049 Insecte-Poison Aéromite
36%
n°139 Roche-Eau Amonistar
36%
n°138 Roche-Eau Amonita
36%
n°266 Insecte Armulys
36%
n°279 Eau-Vol Bekipan
36%
n°268 Insecte Blindalys
36%
n°083 Normal-Vol Canarticho
36%
n°391 Feu-Combat Chimpenfeu
36%
n°091 Eau-Glace Crustabri
36%
n°236 Combat Debugant
36%
n°386 Psy Deoxys
36%
n°085 Normal-Vol Dodrio
36%
n°084 Normal-Vol Doduo
36%
n°241 Normal Ecrémeuh
36%
n°101 Elektrik Electrode
36%
n°080 Eau-Psy Flagadoss
36%
n°259 Eau-Sol Flobio
36%
n°162 Normal Fouinar
36%
n°161 Normal Fouinette
36%
n°471 Glace Givrali
36%
n°278 Eau-Vol Goélise
36%
n°075 Roche-Sol Gravalanch
36%
n°383 Sol Groudon
36%
n°140 Roche-Eau Kabuto
36%
n°141 Roche-Eau Kabutops
36%
n°115 Normal Kangourex
36%
n°237 Combat Kapoera
36%
n°090 Eau Kokiyas
36%
n°382 Eau Kyogre
36%
n°260 Eau-Sol Laggron
36%
n°087 Eau-Glace Lamantine
36%
n°171 Eau-Elektrik Lanturn
36%
n°113 Normal Leveinard
36%
n°131 Eau-Glace Lokhlass
36%
n°170 Eau-Elektrik Loupio
36%
n°240 Feu Magby
36%
n°126 Feu Magmar
36%
n°048 Insecte-Poison Mimitoss
36%
n°043 Plante-Poison Mystherbe
36%
n°169 Poison-Vol Nostenfer
36%
n°362 Glace Oniglali
36%
n°044 Plante-Poison Ortide
36%
n°105 Sol Ossatueur
36%
n°104 Sol Osselait
36%
n°086 Eau Otaria
36%
n°269 Insecte-Poison Papinox
36%
n°053 Normal Persian
36%
n°118 Eau Poissirène
36%
n°142 Roche-Vol Ptéra
36%
n°060 Eau Ptitard
36%
n°045 Plante-Poison Rafflesia
36%
n°079 Eau-Psy Ramoloss
36%
n°384 Dragon-Vol Rayquaza
36%
n°199 Eau-Psy Roigada
36%
n°392 Feu-Combat Simiabraz
36%
n°361 Glace Stalgamin
36%
n°208 Acier-Sol Steelix
36%
n°062 Eau-Combat Tartard
36%
n°073 Eau-Poison Tentacruel
36%
n°061 Eau Têtarte
36%
n°387 Plante Tortipouss
36%
n°174 Normal-Fée Toudoudou
36%
n°107 Combat Tygnon
36%
n°227 Acier-Vol Airmure
29%
n°055 Eau Akwakwak
29%
n°334 Dragon-Vol Altaria
29%
n°343 Sol-Psy Balbuto
29%
n°349 Eau Barpau
29%
n°465 Plante Bouldeneu
29%
n°323 Feu-Sol Camérupt
29%
n°251 Psy-Plante Celebi
29%
n°322 Feu-Sol Chamallot
29%
n°267 Insecte-Vol Charmillon
29%
n°308 Combat-Psy Charmina
29%
n°198 Ténèbres-Vol Cornèbre
29%
n°165 Insecte-Vol Coxy
29%
n°166 Insecte-Vol Coxyclaque
29%
n°301 Normal Delcatty
29%
n°226 Eau-Vol Démanta
29%
n°229 Ténèbres-Feu Démolosse
29%
n°371 Dragon Draby
29%
n°372 Dragon Drackhaus
29%
n°373 Dragon-Vol Drattak
29%
n°309 Elektrik Dynavolt
29%
n°310 Elektrik Elecsprint
29%
n°246 Roche-Sol Embrylex
29%
n°108 Normal Excelangue
29%
n°215 Ténèbres-Glace Farfuret
29%
n°205 Insecte-Acier Foretress
29%
n°305 Acier-Roche Galegon
29%
n°304 Acier-Roche Galekid
29%
n°306 Acier-Roche Galeking
29%
n°262 Ténèbres Grahyèna
29%
n°210 Fée Granbull
29%
n°277 Normal-Vol Hélédelle
29%
n°250 Feu-Vol Ho-Oh
29%
n°163 Normal-Vol Hoothoot
29%
n°097 Psy Hypnomade
29%
n°117 Eau Hypocéan
29%
n°230 Eau-Dragon Hyporoi
29%
n°116 Eau Hypotrempe
29%
n°182 Plante Joliflor
29%
n°344 Sol-Psy Kaorine
29%
n°281 Psy-Fée Kirlia
29%
n°099 Eau Krabboss
29%
n°098 Eau Krabby
29%
n°180 Elektrik Lainergie
29%
n°380 Dragon-Psy Latias
29%
n°381 Dragon-Psy Latios
29%
n°238 Glace-Psy Lippouti
29%
n°249 Psy-Vol Lugia
29%
n°228 Ténèbres-Feu Malosse
29%
n°220 Glace-Sol Marcacrin
29%
n°261 Ténèbres Medhyèna
29%
n°307 Combat-Psy Méditikka
29%
n°376 Acier-Psy Métalosse
29%
n°132 Normal Métamorph
29%
n°375 Acier-Psy Métang
29%
n°168 Insecte-Poison Migalos
29%
n°350 Eau Milobellus
29%
n°167 Insecte-Poison Mimigal
29%
n°122 Psy-Fée M. Mime
29%
n°312 Elektrik Négapi
29%
n°276 Normal-Vol Nirondelle
29%
n°103 Plante-Psy Noadkoko
29%
n°164 Normal-Vol Noarfang
29%
n°102 Plante-Psy Noeunoeuf
29%
n°390 Feu Ouisticram
29%
n°181 Elektrik Pharamp
29%
n°119 Eau Poissoroy
29%
n°137 Normal Porygon
29%
n°311 Elektrik Posipi
29%
n°054 Eau Psykokwak
29%
n°243 Elektrik Raikou
29%
n°377 Roche Regirock
29%
n°379 Acier Registeel
29%
n°369 Eau-Roche Relicanth
29%
n°315 Plante-Poison Rosélia
29%
n°472 Sol-Vol Scorvol
29%
n°355 Spectre Skélénox
29%
n°300 Normal Skitty
29%
n°209 Fée Snubbull
29%
n°338 Roche-Psy Solaroc
29%
n°096 Psy Soporifik
29%
n°120 Eau Stari
29%
n°121 Eau-Psy Staross
29%
n°245 Eau Suicune
29%
n°186 Eau Tarpaud
29%
n°280 Psy-Fée Tarsal
29%
n°356 Spectre Téraclope
29%
n°374 Acier-Psy Terhal
29%
n°333 Normal-Vol Tylton
29%
n°248 Roche-Ténèbres Tyranocif
29%
n°179 Elektrik Wattouat
29%
n°193 Insecte-Vol Yanma
29%
n°247 Roche-Sol Ymphect
29%
n°263 Normal Zigzaton
29%
n°359 Ténèbres Absol
21%
n°347 Roche-Insecte Anorith
21%
n°283 Insecte-Eau Arakdo
21%
n°348 Roche-Insecte Armaldo
21%
n°317 Poison Avaltout
21%
n°194 Eau-Sol Axoloto
21%
n°184 Eau-Fée Azumarill
21%
n°298 Normal-Fée Azurill
21%
n°285 Plante Balignon
21%
n°354 Spectre Branette
21%
n°331 Plante Cacnea
21%
n°332 Plante-Ténèbres Cacturne
21%
n°225 Glace-Vol Cadoizo
21%
n°190 Normal Capumain
21%
n°213 Insecte-Roche Caratroc
21%
n°318 Eau-Ténèbres Carvanha
21%
n°234 Normal Cerfrousse
21%
n°286 Plante-Combat Chapignon
21%
n°324 Feu Chartor
21%
n°221 Glace-Sol Cochignon
21%
n°342 Eau-Ténèbres Colhomard
21%
n°057 Combat Colossinge
21%
n°366 Eau Coquiperl
21%
n°222 Eau-Roche Corayon
21%
n°430 Ténèbres-Vol Corboss
21%
n°189 Plante-Vol Cotovol
21%
n°463 Normal Coudlangue
21%
n°461 Ténèbres-Glace Dimoret
21%
n°232 Sol Donphan
21%
n°341 Eau Ecrapince
21%
n°466 Elektrik Elekable
21%
n°244 Feu Entei
21%
n°397 Normal-Vol Etourvol
21%
n°056 Combat Férosinge
21%
n°200 Spectre Feuforêve
21%
n°188 Plante-Vol Floravol
21%
n°475 Psy-Combat Gallame
21%
n°203 Normal-Psy Girafarig
21%
n°316 Poison Gloupti
21%
n°446 Normal Goinfrex
21%
n°273 Plante Grainipiot
21%
n°187 Plante-Vol Granivol
21%
n°297 Combat Hariyama
21%
n°192 Plante Héliatronc
21%
n°206 Normal Insolourdo
21%
n°385 Acier-Psy Jirachi
21%
n°365 Glace-Eau Kaimorse
21%
n°352 Normal Kecleon
21%
n°328 Sol Kraknoix
21%
n°242 Normal Leuphorie
21%
n°330 Sol-Dragon Libégon
21%
n°345 Roche-Plante Lilia
21%
n°218 Feu Limagma
21%
n°264 Normal Linéon
21%
n°271 Eau-Plante Lombre
21%
n°370 Eau Lovdisc
21%
n°272 Eau-Plante Ludicolo
21%
n°314 Insecte Lumivole
21%
n°467 Feu Maganon
21%
n°429 Spectre Magirêve
21%
n°462 Elektrik-Acier Magnézone
21%
n°296 Combat Makuhita
21%
n°335 Normal Mangriff
21%
n°195 Eau-Sol Maraiste
21%
n°183 Eau-Fée Marill
21%
n°284 Insecte-Vol Maskadra
21%
n°478 Glace-Spectre Momartik
21%
n°289 Normal Monaflèmit
21%
n°351 Normal Morphéo
21%
n°313 Insecte Muciole
21%
n°292 Insecte-Spectre Munja
21%
n°303 Acier-Fée Mysdibule
21%
n°177 Psy-Vol Natu
21%
n°270 Eau-Plante Nénupiot
21%
n°290 Insecte-Sol Ningale
21%
n°291 Insecte-Vol Ninjask
21%
n°363 Glace-Eau Obalie
21%
n°224 Eau Octillery
21%
n°287 Normal Parecool
21%
n°231 Sol Phanpy
21%
n°364 Glace-Eau Phogleur
21%
n°274 Plante-Ténèbres Pifeuil
21%
n°353 Spectre Polichombr
21%
n°204 Insecte Pomdepik
21%
n°233 Normal Porygon2
21%
n°235 Normal Queulorior
21%
n°211 Eau-Poison Qwilfish
21%
n°294 Normal Ramboum
21%
n°378 Glace Regice
21%
n°223 Eau Rémoraid
21%
n°464 Sol-Roche Rhinastoc
21%
n°368 Eau Rosabyss
21%
n°407 Plante-Poison Roserade
21%
n°406 Plante-Poison Rozbouton
21%
n°337 Roche-Psy Séléroc
21%
n°367 Eau Serpang
21%
n°336 Poison Séviper
21%
n°319 Eau-Ténèbres Sharpedo
21%
n°185 Roche Simularbre
21%
n°299 Roche Tarinor
21%
n°216 Normal Teddiursa
21%
n°302 Ténèbres-Spectre Ténéfix
21%
n°275 Plante-Ténèbres Tengalice
21%
n°175 Fée Togepi
21%
n°176 Fée-Vol Togetic
21%
n°191 Plante Tournegrin
21%
n°357 Plante-Vol Tropius
21%
n°217 Normal Ursaring
21%
n°346 Roche-Plante Vacilys
21%
n°329 Sol-Dragon Vibraninf
21%
n°288 Normal Vigoroth
21%
n°219 Feu-Roche Volcaropod
21%
n°320 Eau Wailmer
21%
n°321 Eau Wailord
21%
n°178 Psy-Vol Xatu
21%
n°469 Insecte-Vol Yanmega
21%
n°201 Psy Zarbi
21%
n°458 Eau-Vol Babimanta
14%
n°340 Eau-Sol Barbicha
14%
n°339 Eau-Sol Barloche
14%
n°388 Plante Boskara
14%
n°295 Normal Brouhabam
14%
n°420 Plante Ceribou
14%
n°293 Normal Chuchmur
14%
n°358 Psy Eoko
14%
n°398 Normal-Vol Etouraptor
14%
n°396 Normal-Vol Etourmi
14%
n°326 Psy Groret
14%
n°473 Glace-Sol Mammochon
14%
n°438 Roche ManzaÏ
14%
n°439 Psy-Fée Mime Jr.
14%
n°477 Spectre Noctunoir
14%
n°360 Psy Okéoké
14%
n°474 Normal Porygon-Z
14%
n°440 Normal Ptiravi
14%
n°202 Psy Qulbutoké
14%
n°327 Normal Spinda
14%
n°325 Psy Spoink
14%
n°468 Fée-Vol Togekiss
14%
n°389 Plante-Sol Torterra
14%
n°423 Eau-Sol Tritosor
14%
n°416 Insecte-Vol Apireine
7%
n°415 Insecte-Vol Apitrini
7%
n°437 Acier-Psy Archéodong
7%
n°436 Acier-Psy Archéomire
7%
n°425 Spectre-Vol Baudrive
7%
n°424 Normal Capidextre
7%
n°445 Dragon-Sol Carchacrok
7%
n°444 Dragon-Sol Carmache
7%
n°421 Plante Ceriflor
7%
n°413 Insecte-(Plante/Sol/Acier) Cheniselle
7%
n°412 Insecte Cheniti
7%
n°454 Poison-Combat Coatox
7%
n°453 Poison-Combat Cradopaud
7%
n°401 Insecte Crikzik
7%
n°483 Acier-Dragon Dialga
7%
n°452 Poison-Ténèbres Drascore
7%
n°443 Dragon-Sol Griknot
7%
n°426 Spectre-Vol Grodrive
7%
n°433 Psy Korillon
7%
n°403 Elektrik Lixy
7%
n°448 Combat-Acier Lucario
7%
n°404 Elektrik Luxio
7%
n°405 Elektrik Luxray
7%
n°402 Insecte Mélokrik
7%
n°479 Elektrik-Spectre Motisma
7%
n°435 Poison-Ténèbres Moufflair
7%
n°434 Poison-Ténèbres Moufouette
7%
n°418 Eau Mustébouée
7%
n°419 Eau Mustéflott
7%
n°417 Elektrik Pachirisu
7%
n°484 Eau-Dragon Palkia
7%
n°414 Insecte-Vol Papilord
7%
n°451 Poison-Insecte Rapion
7%
n°447 Combat Riolu
7%
n°422 Eau Sancoki
7%
n°476 Roche-Acier Tarinorme
7%
n°455 Plante Vortente
7%
n°411 Roche-Acier Bastiodon
0%
n°460 Plante-Glace Blizzaroi
0%
n°459 Plante-Glace Blizzi
0%
n°400 Normal-Eau Castorno
0%
n°432 Normal Chaffreux
0%
n°431 Normal Chaglam
0%
n°409 Roche Charkos
0%
n°482 Psy Créfadet
0%
n°481 Psy Créfollet
0%
n°480 Psy Créhelf
0%
n°410 Roche-Acier Dinoclier
0%
n°456 Eau Ecayon
0%
n°450 Sol Hippodocus
0%
n°449 Sol Hippopotas
0%
n°399 Normal Keunotor
0%
n°408 Roche Kranidos
0%
n°427 Normal Laporeille
0%
n°428 Normal Lockpin
0%
n°457 Eau Luminéon
0%
n°441 Normal-Vol Pijako
0%
n°442 Spectre-Ténèbres Spiritomb
0%
Aucun quiz correspondant
Distribution des résultats
% des personnes avec chaque résultat
Percentile par nombre de réponses
Votre historique - résultats
Vous n’avez pas pris ce quiz depuis la dernière actualisation